Ganadores de la Champions League - Estadísticas

Estadísticas generales
  • Esta prueba ha sido intentada 187 veces
  • La puntuación promedio es 31 de 68
Estadísticas de respuestas
Pregunta Respuesta % Correcto
1956 Real Madrid
97%
1957 Real Madrid
93%
1958 Real Madrid
93%
1959 Real Madrid
93%
1960 Real Madrid
92%
1961 Benfica
69%
1962 Benfica
67%
2022 Real Madrid
63%
2023 Manchester City
62%
2016 Real Madrid
62%
2017 Real Madrid
62%
2018 Real Madrid
62%
2015 Barcelona
61%
2021 Chelsea
59%
2019 Liverpool
59%
1963 Milan
59%
2014 Real Madrid
58%
2009 Barcelona
56%
2011 Barcelona
56%
2020 Bayern Munich
56%
1966 Real Madrid
51%
1967 Celtic
50%
2006 Barcelona
49%
1964 Inter de Milan
49%
2013 Bayern Munich
48%
1965 Inter de Milan
48%
2010 Inter de Milan
48%
2008 Manchester United
48%
2007 Milan
48%
2000 Real Madrid
48%
1968 Manchester United
47%
2005 Liverpool
46%
1969 Milan
46%
2003 Milan
44%
2004 Oporto
43%
1992 Barcelona
42%
2002 Real Madrid
42%
1970 Feyenoord
41%
2001 Bayern Munich
39%
1978 Liverpool
37%
1998 Real Madrid
37%
1996 Juventus
36%
1994 Milan
36%
1999 Manchester United
34%
1993 Marsella
34%
1977 Liverpool
33%
1974 Bayern Munich
32%
1989 Milan
32%
1990 Milan
32%
1982 Aston Villa
31%
1975 Bayern Munich
31%
1976 Bayern Munich
31%
1991 Estrella Roja
31%
1971 Ayax
30%
1972 Ayax
30%
1973 Ayax
30%
1985 Juventus
30%
1981 Liverpool
30%
1984 Liverpool
30%
1986 Steaua Bucarest
30%
1988 Psv
29%
1983 Hamburgo
28%
1987 Oporto
28%
1995 Ayax
26%
1979 Nottingam Forest
23%
1980 Nottingam Forest
23%
1997 Borussia Dormund
20%
2012 Inter de Milan
16%
No se encontraron pruebas coincidentes
Distribución de puntuación
Porcentaje de gente con cada puntuación
Porcentaje por número respondido
Historial de tus puntuaciones
No has intentado esta prueba.